000 00520nam a2200205Ia 4500
003 OSt
005 20140405093938.0
008 140130s9999 xx 000 0 und d
020 _a9780439105798
050 _aPZ 8.3
_b.K33Aae 1998
100 _aKellogg, Steven.
_929172
245 _cSteven Kellogg.
_aA-hunting we will go! /
260 _bScholastic Inc,
_cc1998.
_aUSA :
300 _a40 p. :
_bill. col. ;
_c28 cm.
440 _v1
_930808
521 _aBR
526 _cBR
942 _cBK
_2lcc
999 _c41577
_d41577